000 00663nam a2200169Ia 4500
008 090711s9999 xx 000 0 und d
082 _b200
100 _aकेळकर न. िSां.
245 _aलो. टिळकांSो केसरीतील लेख भा. 3
260 _b"केसरी मुद्रणालय,"
_c1926
300 _a482
600 _aकेळकर न. िSां.
630 _aलो. टिळकांSो केसरीतील लेख भा. 3
700 _aकेळकर न. िSां.
730 _aलो. टिळकांSो केसरीतील लेख भा. 3
942 _cBOOK
999 _c284411
_d284411